NFL Second Team All Pro Safetys - Statistics

General Stats
  • This quiz has been taken 33 times
    5 since last reset
  • The average score is 48 of 127
Answer Stats
Year Team Player % Correct
2009 Broncos Brian Dawkins
100%
1999 Eagles Brian Dawkins
100%
2015 Raiders Charles Woodson
100%
1989 49ers Dennis Smith
100%
2017 Seahawks Earl Thomas
100%
2011 Seahawks Earl Thomas
100%
2011 Ravens Ed Reed
100%
2009 Ravens Ed Reed
100%
2003 Ravens Ed Reed
100%
2018 Vikings Harrison Smith
100%
2002 Buccaneers John Lynch
100%
2001 Buccaneers John Lynch
100%
1986 Cardinals Leonard Smith
100%
2000 Ravens Rod Woodson
100%
2024 Cardinals Budda Baker
75%
2021 Cardinals Budda Baker
75%
1997 Seahawks Darryl Williams
75%
2022 Chargers Derwin James
75%
2016 Patriots Devin McCourty
75%
2013 Patriots Devin McCourty
75%
1975 Dolphins Jake Scott
75%
1972 Dolphins Jake Scott
75%
1972 Dolphins Jake Scott
75%
2020 Seahawks Jamal Adams
75%
2018 Jets Jamal Adams
75%
2025 Falcons Jessie Bates
75%
2023 Falcons Jessie Bates
75%
2020 Bengals Jessie Bates
75%
2014 Seahawks Kam Chancellor
75%
2013 Seahawks Kam Chancellor
75%
2024 Ravens Kyle Hamilton
75%
2021 Bills Micah Hyde
75%
2017 Bills Micah Hyde
75%
1988 49ers Ronnie Lott
75%
2019 Chiefs Tyrann Mathieu
75%
2025 Packers Xavier McKinney
75%
2008 Cardinals Adrian Wilson
50%
2006 Cardinals Adrian Wilson
50%
2010 Bears Chris Harris
50%
2010 Saints Darren Sharper
50%
2007 Vikings Darren Sharper
50%
2005 Vikings Darren Sharper
50%
2002 Packers Darren Sharper
50%
1981 Steelers Donnie Shell
50%
2013 Chargers Eric Weddle
50%
2012 Chargers Eric Weddle
50%
2010 Chargers Eric Weddle
50%
2016 Packers Ha Ha Clinton-Dix
50%
2023 Broncos Justin Simmons
50%
2022 Broncos Justin Simmons
50%
2021 Broncos Justin Simmons
50%
2019 Broncos Justin Simmons
50%
1979 Redskins Ken Houston
50%
1973 Redskins Ken Houston
50%
2005 Bears Mike Brown
50%
1972 Vikings Paul Krause
50%
2004 Patriots Rodney Harrison
50%
1996 Broncos Steve Atwater
50%
2025 Broncos Talanoa Hufanga
50%
2007 Steelers Troy Polamalu
50%
2004 Steelers Troy Polamalu
50%
1999 Jaguars Carnell Lake
25%
1995 Steelers Carnell Lake
25%
1994 Steelers Carnell Lake
25%
1978 Cowboys Charlie Waters
25%
1977 Cowboys Charlie Waters
25%
1987 Bears Dave Duerson
25%
1986 Bears Dave Duerson
25%
1991 Bengals David Fulcher
25%
1988 Bengals David Fulcher
25%
1985 Chiefs Deron Cherry
25%
1983 Chiefs Deron Cherry
25%
1985 Bears Gary Fencik
25%
1976 Steelers Glen Edwards
25%
2006 Jets Kerry Rhodes
25%
1997 49ers Merton Hanks
25%
1996 49ers Merton Hanks
25%
1994 49ers Merton Hanks
25%
2010 Packers Nick Collins
25%
2009 Packers Nick Collins
25%
2008 Packers Nick Collins
25%
2013 Giants Antrel Rolle
0%
2010 Giants Antrel Rolle
0%
1973 Eagles Bill Bradley
0%
2000 Titans Blaine Bishop
0%
1991 Oilers Bubba McDowell
0%
1975 Rams Dave Elmendorf
0%
1974 Dolphins Dick Anderson
0%
1981 49ers Dwight Hicks
0%
1989 Jets Erik McMillan
0%
1993 Seahawks Eugene Robinson
0%
1980 Chiefs Gary Barbaro
0%
2014 Lions Glover Quin
0%
1974 Raiders Jack Tatum
0%
2013 Bills Jairus Byrd
0%
2012 Bills Jairus Byrd
0%
1989 Vikings Joey Browner
0%
1987 Oilers Keith Bostic
0%
1998 Patriots Lawyer Milloy
0%
1992 Dolphins Louis Oliver
0%
1977 Colts Lyle Blackwood
0%
2010 Saints Malcolm Jenkins
0%
1990 Bears Mark Carrier
0%
1984 Cowboys Michael Downs
0%
2010 Titans Michael Griffin
0%
2010 Raiders Michael Huff
0%
1976 Steelers Mike Wagner
0%
1982 Buccaneers Neal Colzie
0%
2010 Eagles Quintin Mikell
0%
2008 Eagles Quintin Mikell
0%
1980 Eagles Randy Logan
0%
2015 Bengals Reggie Nelson
0%
1999 Vikings Robert Griffith
0%
1998 Vikings Robert Griffith
0%
2001 Saints Sammy Knight
0%
2007 Redskins Sean Taylor
0%
1979 Browns Thom Darden
0%
1978 Browns Thom Darden
0%
1982 Chargers Tim Fox
0%
1995 49ers Tim McDonald
0%
1993 49ers Tim McDonald
0%
1992 Cardinals Tim McDonald
0%
1990 Cardinals Tim McDonald
0%
2013 Browns T. J. Ward
0%
1984 Bears Todd Bell
0%
2003 49ers Tony Parrish
0%
1983 Raiders Vann McElroy
0%
No matching quizzes found
Score Distribution
Percent of People with Each Score
Percentile by Number Answered
Your Score History
You have not taken this quiz since the last reset